00525nam a22001697a 4500003000400000008004100004020001800045100002100063245002800084250000800112260003600120300000800156650001200164942001200176999001700188952015000205OSt250529b |||||||| |||| 00| 0 eng d a9788195326495 aSATYANAND, Swami aShreemadyanand Prakash a1st aNew DelhibArya Prakashanc2023 a408 aGeneral 2ddccBK c13604d13604 00102ddc40708IKSBCaPIETbPIETd2025-04-10eSubash KohalifINRg500.00k828l0o294.092 SASpK77r2025-05-29 00:00:00v500.00w2025-04-10yBK